Southville International School and Colleges
Your cart is empty.
  • Cart
  • Lists
    Public lists Eva Luna New books Lux_list list_1
    Your lists Log in to create your own lists
  • Log in to your account
  • Your cookies
  • Search history
Southville International School and Colleges
  • Advanced search
  • Recent comments
  • Most popular
  • Libraries

Log in to your account

Log in with GOOGLE


If you do not have an external account, but do have a local account, you can still log in:

  1. Home
  2. MARC view: The adventures of Huckleberry Finn /
Normal view MARC view ISBD view

The adventures of Huckleberry Finn / (Record no. 34925)

[ view plain ]
MARC details
000 -LEADER
fixed length control field 01680cam a2200457 a 4500
001 - CONTROL NUMBER
control field 203786
003 - CONTROL NUMBER IDENTIFIER
control field OSt
005 - DATE AND TIME OF LATEST TRANSACTION
control field 20140310184514.0
008 - FIXED-LENGTH DATA ELEMENTS--GENERAL INFORMATION
fixed length control field 990512s1999 nyu 000 1 eng
010 ## - LIBRARY OF CONGRESS CONTROL NUMBER
LC control number 99063497
020 ## - INTERNATIONAL STANDARD BOOK NUMBER
International Standard Book Number 0689831390
040 ## - CATALOGING SOURCE
Original cataloging agency DLC
Transcribing agency DLC
Modifying agency DLC
043 ## - GEOGRAPHIC AREA CODE
Geographic area code n-us-mo
-- n-usm--
050 ## - LIBRARY OF CONGRESS CALL NUMBER
Classification number PS 1305.A1
Item number .T969 2008
100 1# - MAIN ENTRY--PERSONAL NAME
Personal name Twain, Mark,
Dates associated with a name 1835-1910.
9 (RLIN) 29314
245 14 - TITLE STATEMENT
Title The adventures of Huckleberry Finn /
Statement of responsibility, etc Mark Twain
250 ## - EDITION STATEMENT
Edition statement 1st Aladdin paperbacks ed.
260 ## - PUBLICATION, DISTRIBUTION, ETC. (IMPRINT)
Place of publication, distribution, etc New York :
Name of publisher, distributor, etc Aladdin Paperbacks,
Date of publication, distribution, etc 2008.
300 ## - PHYSICAL DESCRIPTION
Extent 506 p. ;
Dimensions 20 cm.
440 #0 - SERIES STATEMENT/ADDED ENTRY--TITLE
Title Aladdin classics
9 (RLIN) 3265
521 ## - TARGET AUDIENCE NOTE
Target audience note
526 ## - STUDY PROGRAM INFORMATION NOTE
Reading level 660
650 #0 - SUBJECT ADDED ENTRY--TOPICAL TERM
Topical term or geographic name as entry element Finn, Huckleberry (Fictitious character)
Form subdivision Fiction.
9 (RLIN) 29315
650 #0 - SUBJECT ADDED ENTRY--TOPICAL TERM
Topical term or geographic name as entry element Runaway children
Form subdivision Fiction.
9 (RLIN) 29316
650 #0 - SUBJECT ADDED ENTRY--TOPICAL TERM
Topical term or geographic name as entry element Male friendship
Form subdivision Fiction.
9 (RLIN) 29317
650 #0 - SUBJECT ADDED ENTRY--TOPICAL TERM
Topical term or geographic name as entry element Fugitive slaves
Form subdivision Fiction.
9 (RLIN) 29318
650 #0 - SUBJECT ADDED ENTRY--TOPICAL TERM
Topical term or geographic name as entry element Race relations
Form subdivision Fiction.
9 (RLIN) 29319
650 #0 - SUBJECT ADDED ENTRY--TOPICAL TERM
Topical term or geographic name as entry element Boys
Form subdivision Fiction.
9 (RLIN) 29320
651 #0 - SUBJECT ADDED ENTRY--GEOGRAPHIC NAME
Geographic name Mississippi River
Form subdivision Fiction.
9 (RLIN) 29321
651 #0 - SUBJECT ADDED ENTRY--GEOGRAPHIC NAME
Geographic name Missouri
Form subdivision Fiction.
9 (RLIN) 29322
655 #7 - INDEX TERM--GENRE/FORM
Genre/form data or focus term Adventure fiction.
Source of term gsafd
9 (RLIN) 3061
655 #7 - INDEX TERM--GENRE/FORM
Genre/form data or focus term Humorous fiction.
Source of term gsafd
9 (RLIN) 6350
655 #7 - INDEX TERM--GENRE/FORM
Genre/form data or focus term Bildungsromans.
Source of term gsafd
9 (RLIN) 2798
700 1# - ADDED ENTRY--PERSONAL NAME
Personal name Paulsen, Gary.
9 (RLIN) 5626
856 42 - ELECTRONIC LOCATION AND ACCESS
Materials specified Publisher description
Uniform Resource Identifier <a href="http://www.loc.gov/catdir/description/simon033/99063497.html">http://www.loc.gov/catdir/description/simon033/99063497.html</a>
856 42 - ELECTRONIC LOCATION AND ACCESS
Materials specified Contributor biographical information
Uniform Resource Identifier <a href="http://www.loc.gov/catdir/enhancements/fy0913/99063497-b.html">http://www.loc.gov/catdir/enhancements/fy0913/99063497-b.html</a>
906 ## - LOCAL DATA ELEMENT F, LDF (RLIN)
a 7
b cbc
c orignew
d 2
e opcn
f 19
g y-gencatlg
942 ## - ADDED ENTRY ELEMENTS (KOHA)
Source of classification or shelving scheme Library of Congress Classification
Koha item type
Holdings
Withdrawn status Lost status Source of classification or shelving scheme Damaged status Home library Current library Shelving location Date acquired Total Checkouts Full call number Barcode Date last seen Copy number Price effective from Koha item type
    Library of Congress Classification   Luxembourg Library Luxembourg Library Scholastic Reading Center Section 10/16/2013   PS 1305.A1 .T969 2008 SCHO0710 04/18/2017 1 10/16/2013 Books

The adventures of Huckleberry Finn /

APA

Twain M., Paulsen G., . (2008). The adventures of Huckleberry Finn. New York: Aladdin Paperbacks.

Chicago

Twain Mark, Paulsen Gary, . 2008. The adventures of Huckleberry Finn. New York: Aladdin Paperbacks.

Harvard

Twain M., Paulsen G., . (2008). The adventures of Huckleberry Finn. New York: Aladdin Paperbacks.

MLA

Twain Mark, Paulsen Gary, . The adventures of Huckleberry Finn. New York: Aladdin Paperbacks. 2008.

  • Place hold
  • Print
  • Cite
  • Add to your cart (remove)
  • Save record
    BIBTEX Dublin Core MARCXML MARC (non-Unicode/MARC-8) MARC (Unicode/UTF-8) MARC (Unicode/UTF-8, Standard) MODS (XML) RIS
  • More searches
    Search for this title in:
    Other Libraries (WorldCat) Other Databases (Google Scholar) Online Stores (Bookfinder.com) Open Library (openlibrary.org)

Exporting to Dublin Core...

SOUTHVILLE LIBRARY

Southville International School and Colleges Library

1281 Tropical Ave. Cor. Luxembourg St., BF Homes International, Las Pinas City

Tel. No. 8256374 / 252358 Loc. 117/146

Powered by Koha